书目信息 |
| 题名: |
物流信息管理
|
|
| 作者: | 王汉新 主编 | |
| 分册: | ||
| 出版信息: | 北京 北京大学出版社 2010 |
|
| 页数: | 376页 | |
| 开本: | 26cm | |
| 丛书名: | ||
| 单 册: | ||
| 中图分类: | F253.9 | |
| 科图分类: | ||
| 主题词: | 物流--信息管理--高等学校--教材 , 物流 , 信息管理 | |
| 电子资源: | ||
| ISBN: | 978-7-301-16699-4 | |
| 000 | 00898nam0 2200265 45 | |
| 001 | 1050981500 | |
| 005 | 20100415165401.82 | |
| 010 | @a978-7-301-16699-4@dCNY38.00 | |
| 100 | @a20100409d2010 em y0chiy50 ea | |
| 101 | 0 | @achi |
| 102 | @aCN@b110000 | |
| 105 | @aa z 000yy | |
| 106 | @ar | |
| 200 | 1 | @a物流信息管理@AWu Liu Xin Xi Guan Li@f王汉新主编@FWang Han Xin Zhu Bian |
| 210 | @a北京@c北京大学出版社@d2010 | |
| 215 | @a376页@c图@d26cm | |
| 300 | @a21世纪全国高等院校物流专业创新型应用人才培养规划教材 | |
| 330 | @a本书共分为七章,主要内容包括绪论、企业信息管理、物流信息技术、物流信息管理系统、物流信息系统开发、物流信息管理与控制、典型物流信息系统。 | |
| 606 | 0 | @a物流@x信息管理@x高等学校@j教材 |
| 606 | 0 | @a物流 |
| 606 | 0 | @a信息管理 |
| 690 | @aF253.9@v4 | |
| 701 | 0 | @a王汉新@AWang Han Xin@4主编 |
| 801 | 0 | @aCN@bTANGWEI@c20100415 |
| 905 | @b0592334-38@dF253.9@e169@f5 | |
| 物流信息管理/王汉新主编.-北京:北京大学出版社,2010 |
| 376页:图;26cm |
| 21世纪全国高等院校物流专业创新型应用人才培养规划教材 |
| ISBN 978-7-301-16699-4:CNY38.00 |
| 本书共分为七章,主要内容包括绪论、企业信息管理、物流信息技术、物流信息管理系统、物流信息系统开发、物流信息管理与控制、典型物流信息系统。 |
| ● |
| 相关链接 |
|
|
|
|
正题名:物流信息管理
索取号:F253.9/169
 
预约/预借
| 序号 | 登录号 | 条形码 | 馆藏地/架位号 | 状态 | 备注 |
| 1 | 0592334 | 205923349 | 第一样本阅览室/ [索取号:F253.9/169] | 在馆 | |
| 2 | 0592335 | 205923358 | 第一借阅区/ [索取号:F253.9/169] | 在馆 | |
| 3 | 0592336 | 205923367 | 第一借阅区/ [索取号:F253.9/169] | 在馆 | |
| 4 | 0592337 | 205923376 | 第一借阅区/ [索取号:F253.9/169] | 在馆 | |
| 5 | 0592338 | 205923385 | 第一借阅区/ [索取号:F253.9/169] | 在馆 |